Evolución (Registro nro. 297330)

Detalles MARC
000 -ENCABEZADO
Número de control [NR] 00927cam a2200277Mc 4500
005 - FECHA Y HORA DE LA ÚLTIMA TRANSACCIÓN
control field 20180622113029.0
008 - DE LONGITUD FIJA DE DATOS DE ELEMENTOS - INFORMACIÓN GENERAL
Elementos de longitud fija [NR] 141027s2011 ag ad fr 001 0 spa d
020 ## - NUMERO INTERNACIONAL NORMALIZADO PARA LIBROS [R]
Número Internacional Normalizado del libro [NR] 9789500602785
020 ## - NUMERO INTERNACIONAL NORMALIZADO PARA LIBROS [R]
Número Internacional Normalizado del libro [NR] 9500602784
040 ## - FUENTE DE CATALOGACION [NR]
Agencia de catalogación original [NR] CO-BoUCM
Idioma de catalogación [NR] spa
Quien Cataloga Jose A. Gerena
Quien Clasifica Jose A. Gerena
041 0# - CODIGO DE IDIOMA [R]
Código de idioma para texto/pista de sonido o título separado [R] Español
060 ## - SIGNATURA TOPOGRAFICA DE LA BIBLIOTECA NACIONAL DE MEDICINA (NLM) [R]
Número clasificador [R] QH 366
100 1# - ASIENTO PRINCIPAL--NOMBRE PERSONAL [NR]
Nombre personal [NR] Gallardo, Milton H.
ID Autoridad 65590
245 10 - MENCION DE TITULO [NR]
Título [NR] Evolución
Parte restante del título [NR] el curso de la vida
Mención de responsabilidad, etc. [NR] Milton H. Gallardo
260 ## - PUBLICACION, DISTRIBUCION, ETC. (PIE DE IMPRENTA) [R]
Lugar de publicación, distribución, etc. [R] Buenos Aires (Argentina)
Nombre del editor, distribuidor, etc. [R] Médica Panamericana
Fecha de publicación, distribución, etc. [R] 2011
300 ## - DESCRIPCION FISICA [R]
Extensión [R] 503 páginas
Otros detalles físicos [NR] ilustraciones, cuadros, gráficas
504 ## - NOTA DE BIBLIOGRAFIA, ETC. [R]
Nota de bibliografía, etc. [NR] Incluye referencias bibliográficas e índices
650 #7 - ASIENTO SECUNDARIO DE MATERIA - TERMINO TEMATICO [R]
Término temático o nombre geográfico como elemento de entrada [NR] Evolución
9 (RLIN) 15359
650 #7 - ASIENTO SECUNDARIO DE MATERIA - TERMINO TEMATICO [R]
Término temático o nombre geográfico como elemento de entrada [NR] Vida
9 (RLIN) 26218
Subdivisión general [R] Historia
650 #7 - ASIENTO SECUNDARIO DE MATERIA - TERMINO TEMATICO [R]
Término temático o nombre geográfico como elemento de entrada [NR] Microrganismos
9 (RLIN) 19497
650 #7 - ASIENTO SECUNDARIO DE MATERIA - TERMINO TEMATICO [R]
Término temático o nombre geográfico como elemento de entrada [NR] Biodiversidad
9 (RLIN) 10097
650 #7 - ASIENTO SECUNDARIO DE MATERIA - TERMINO TEMATICO [R]
Término temático o nombre geográfico como elemento de entrada [NR] Genética humana
9 (RLIN) 16317
690 ## - ASUNTO AGREGADO LOCAL DE ENTRADA - TÉRMINO TEMÁTICO (OCLC, RLIN)
9 (RLIN) 42755
Acceso temático local Ciencias naturales
942 ## - ELEMENTOS DE ENTRADA AGREGADOS (KOHA)
Sistema de clasificación NLM
Tema principal Ciencias puras
Tipo de ítem principal el descrito en 300a Libro
Edición 1
Clasificación QH 366
Parte restante de la signatura top. G163
Título oculto en OPAC No
Existencias
Fecha de último préstamo Total préstamos Signatura topográfica Código de barras Última vez visto Ejemplar Costo de reposición Price effective from Tipo de ítem Nota pública (OPAC) Perdido Sistema de clasificación Dañado No prestable Tipo de ítem específico Suprimido Ubicación habitual Ubicación actual Localización Fecha de creación Proveedor Forma de adquisición Costo Total Renewals
09/05/2017 1 QH 366 G163 200027936 12/12/2025 Ej.5 74250.00 27/10/2014 Libro Spot Ciencias Naturales   NLM     Libro   Quinta de Mutis Quinta de Mutis 3er piso 27/10/2014 34 Compra 74250.00  
08/07/2022 3 QH 366 G163 200027934 12/12/2025 Ej.3 74250.00 27/10/2014 Libro Spot Ciencias Naturales   NLM     Libro   Quinta de Mutis Quinta de Mutis 3er piso 27/10/2014 34 Compra 74250.00 1
05/11/2020 9 QH 366 G163 200027935 12/12/2025 Ej.4 74250.00 27/10/2014 Libro Spot Ciencias Naturales   NLM     Libro   Quinta de Mutis Quinta de Mutis 3er piso 27/10/2014 34 Compra 74250.00  
22/08/2016 2 QH 366 G163 200027933 12/12/2025 Ej.2 74250.00 27/10/2014 Libro Spot Ciencias Naturales   NLM     Libro   Quinta de Mutis Quinta de Mutis 3er piso 27/10/2014 34 Compra 74250.00 2
11/09/2018 1 QH 366 G163 200027932 12/12/2025 Ej.1 74250.00 27/10/2014 Libro Spot Ciencias Naturales   NLM     Libro   Quinta de Mutis Quinta de Mutis 3er piso 27/10/2014 34 Compra 74250.00  
23/03/2019 2 QH 366 G163 200027937 12/12/2025 Ej.6 74250.00 27/10/2014 Libro Spot Ciencias Naturales   NLM     Libro   Quinta de Mutis Quinta de Mutis 3er piso 27/10/2014 34 Compra 74250.00